Urban housing markets and residential location /

Bibliographic Details
Main Author: Pollakowski, Henry O.
Format: Book
Language:English
Published: Lexington, Mass. : Lexington Books, [1982]
Subjects:

MARC

Tag First Indicator Second Indicator Subfields
LEADER 00000pam a2200000 a 4500
001 in00000089807
005 20151008063518.0
008 810723s1982 maua b 00110 eng
010 |a  78020609  
020 |a 0669027731 
035 |a (OCoLC)07671217 
035 |9 AAK2385AM 
039 0 |a 2  |b 3  |c 3  |d 3  |e 3 
040 |a DLC  |c DLC  |d TXA  |d UtOrBLW 
043 |a n-us--- 
049 |a TXAM  |c [933005] 
050 0 0 |a HD7288.92.U6  |b P64 
082 0 |a 381/.456908/0973  |2 19 
100 1 |a Pollakowski, Henry O. 
245 1 0 |a Urban housing markets and residential location /  |c Henry O. Pollakowski. 
264 1 |a Lexington, Mass. :  |b Lexington Books,  |c [1982] 
264 4 |c ©1982 
300 |a xvii, 141 pages :  |b illustrations ;  |c 24 cm. 
336 |a text  |b txt  |2 rdacontent 
337 |a unmediated  |b n  |2 rdamedia 
338 |a volume  |b nc  |2 rdacarrier 
500 |a Includes index. 
504 |a Bibliography: pages 129-137. 
650 0 |a Residential mobility  |z United States  |x Mathematical models. 
650 0 |a Municipal services  |z United States  |x Mathematical models. 
999 |a MARS 
999 f f |s 3d17c13c-2137-3f26-be42-6f603f318cff  |i a26b2864-c5df-328d-a176-e81122560403  |t 0 
952 f f |p ric  |a Texas A&M University  |b Rellis Campus  |c Joint Library Facility  |d Remote Storage  |t 0  |e HD7288.92.U6 P64  |h Library of Congress classification  |i unmediated -- volume  |m A14806129477 
998 f f |a HD7288.92.U6 P64  |t 0  |l Remote Storage